|
|
|
|
| LEADER |
02123nam a2200589 i 4500 |
| 001 |
nkc20193084215 |
| 003 |
CZ PrNK |
| 005 |
20190429102357.0 |
| 007 |
ta |
| 008 |
190322s2019 xr ac e 000 0bslo |
| 015 |
|
|
|a cnb003084215
|
| 020 |
|
|
|a 978-80-7451-763-1
|q (vázáno)
|
| 035 |
|
|
|a (OCoLC)1100763553
|
| 040 |
|
|
|a BOA001
|b cze
|e rda
|
| 041 |
1 |
|
|a slo
|h fre
|
| 043 |
|
|
|a e-ru---
|
| 045 |
|
|
|a x5y1
|
| 072 |
|
7 |
|a 32
|x Politika
|2 Konspekt
|9 15
|
| 072 |
|
7 |
|a 929
|x Biografie
|2 Konspekt
|9 8
|
| 080 |
|
|
|a 32-051
|2 MRF
|
| 080 |
|
|
|a 328/329
|2 MRF
|
| 080 |
|
|
|a 929
|2 MRF
|
| 080 |
|
|
|a (470+571)
|2 MRF
|
| 080 |
|
|
|a (092)
|2 MRF
|
| 100 |
1 |
|
|a Pons, Frédéric,
|d 1954-
|7 xx0231882
|4 aut
|
| 240 |
1 |
0 |
|a Poutine.
|l Česky
|
| 245 |
1 |
0 |
|a Vladimir Putin /
|c Frédéric Pons ; z francúzskeho originálu Poutine ... preložila Marie Fareh
|
| 264 |
|
1 |
|a Praha :
|b Ottovo nakladatelství, s.r.o.,
|c 2019
|
| 300 |
|
|
|a 312 stran :
|b ilustrace (převážně barevné), portréty ;
|c 21 cm
|
| 336 |
|
|
|a text
|b txt
|2 rdacontent
|
| 337 |
|
|
|a bez média
|b n
|2 rdamedia
|
| 338 |
|
|
|a svazek
|b nc
|2 rdacarrier
|
| 504 |
|
|
|a Obsahuje bibliografii a bibliografické odkazy
|
| 600 |
1 |
7 |
|a Putin, Vladimir Vladimirovič,
|d 1952-
|7 jn20001103098
|2 czenas
|
| 648 |
|
7 |
|a 20.-21. století
|7 ch462155
|2 czenas
|
| 648 |
|
7 |
|a 21. století
|7 ch460559
|2 czenas
|
| 648 |
|
4 |
|a 1952-2015
|
| 648 |
|
7 |
|a 1991-2015
|7 ch967364
|2 czenas
|
| 650 |
0 |
7 |
|a politici
|7 ph115781
|z Rusko
|y 20.-21. století
|2 czenas
|
| 650 |
0 |
7 |
|a prezidenti
|7 ph124601
|z Rusko
|y 21. století
|2 czenas
|
| 650 |
0 |
9 |
|a politicians
|z Russia
|y 20th-21st centuries
|2 eczenas
|
| 650 |
0 |
9 |
|a presidents
|z Russia
|y 21st century
|2 eczenas
|
| 651 |
|
7 |
|a Rusko
|7 ge128566
|x politika a vláda
|y 1991-2015
|2 czenas
|
| 651 |
|
9 |
|a Russia
|x politics and government
|y 1991-2015
|2 eczenas
|
| 655 |
|
7 |
|a biografie
|7 fd131909
|2 czenas
|
| 655 |
|
9 |
|a biography
|2 eczenas
|
| 700 |
1 |
|
|a Fareh, Marie
|7 ola2018976078
|4 trl
|
| 910 |
2 |
|
|a BOA001
|b 2-1424.702
|
| 990 |
|
|
|a BK
|
| 995 |
|
|
|a 01
|
| 991 |
|
|
|b 201904
|c NOV
|
| 996 |
6 |
|
|b 2610776545
|c 2-1424.702
|l MZK
|r Sklad / do 1 hodiny
|n 0
|p p.v.
|w 001715097
|u 000010
|a 1
|e BOA001
|j MZK50
|s P
|